00323nam a2200121Ia 4500008004100000041000800041082001700049245005700066250000600123260005800129300000800187440000600195210716s2004 xx 000 0 und d aeng a658.045 ICFA aCase studies on multinational corporations in India. a1 aHyderabadbICFAI centre for management researchc2004 a363 vI